000 00445pab a2200157 454500
008 180718b2003 xxu||||| |||| 00| 0 eng d
100 _aBala Subrahmanya, M.H.
245 _aUnorganised manufacturing sector in India: the decline and the changing structure
260 _c2003
300 _ap.77-89.
362 _aJul-Sep
650 _aManufacturing industry - India
650 _aManufacturing industry
773 _aMargin
909 _a60285
999 _c60285
_d60285